| 000 | 00649nam a2200217 i 4500 | ||
|---|---|---|---|
| 001 | 108055 | ||
| 003 | ES-MaACL | ||
| 005 | 20250524063049.0 | ||
| 007 | t| | ||
| 008 | 070115s1958 sp ||||1| cat d | ||
| 080 | _a849.9-221"19" | ||
| 100 | 1 |
_aFolch i Camarasa, Ramon, _d1926- _951450 |
|
| 245 | 1 | 0 |
_aDues hores _b: comèdia en tres actes / _cRamón Folch i Camarasa. |
| 260 |
_aBarcelona : _bNereida, _c1958. |
||
| 300 |
_a59 p. ; _c17 cm. |
||
| 490 | 1 |
_aBiblioteca Gresol ; _v32 |
|
| 500 | _aPremi Josep Claramunt 1956. | ||
| 830 | 0 |
_aBiblioteca Gresol ; _v32 _9185526 |
|
| 852 |
_aES-MaACL _jE-5161 |
||
| 999 |
_c108055 _d108055 |
||